[Event "4NCL Online Division 2"]
[Site "online"]
[Date "2020.06.09"]
[Round "10.132"]
[White "Horspool, Philip J"]
[Black "Brady, Stephen"]
[Result "1-0"]
[WhiteElo "2057"]
[BlackElo "2287"]
[PlyCount "91"]
[EventDate "2020.06.09"]
[WhiteTeam "Wigston 1"]
[BlackTeam "St Benildus A"]

1. e4 d6 2. Nc3 Nf6 3. d4 g6 4. Be2 Bg7 5. Be3 O-O 6. g4 e5 7. g5 Nfd7 8. h4
exd4 9. Bxd4 Nc6 10. Bxg7 Kxg7 11. Qd2 Nc5 12. O-O-O Re8 13. f3 Re5 14. Nh3
Bxh3 15. Rxh3 Qd7 16. Rdh1 Ne7 17. h5 Rg8 18. hxg6 hxg6 19. Qf4 Qe6 20. Qh4 Kf8
21. f4 Rxe4 22. Nxe4 Nxe4 23. Bd3 Nc5 24. Kb1 Ke8 25. Re1 Qd5 26. Qg4 Ne6 27.
Qf3 Qxf3 28. Rxf3 Kd7 29. Be4 d5 30. Bd3 Rh8 31. c3 Rh4 32. Ref1 Kd6 33. Kc1 c5
34. Kd2 a6 35. b3 b5 36. a3 Rh2+ 37. R3f2 Rh4 38. Bc2 a5 39. Bd3 c4 40. Bc2 Nc5
41. bxc4 bxc4 42. f5 gxf5 43. Bxf5 Nxf5 44. Rxf5 Ne4+ 45. Ke3 Nxc3 46. Rxf7 1-0

[Event "4NCL Online Division 2"]
[Site "online"]
[Date "2020.06.09"]
[Round "10.133"]
[White "McHugh, Kevin"]
[Black "Morley, Andrew J"]
[Result "1-0"]
[WhiteElo "2013"]
[BlackElo "2065"]
[PlyCount "73"]
[EventDate "2020.06.09"]
[WhiteTeam "St Benildus A"]
[BlackTeam "Wigston 1"]

1. e4 c5 2. Nf3 Nc6 3. d4 cxd4 4. Nxd4 e5 5. Nb5 a6 6. Nd6+ Bxd6 7. Qxd6 Qf6 8.
Qc7 Nge7 9. Nc3 Nb4 10. Na4 O-O 11. a3 Nbc6 12. Nb6 Rb8 13. Be3 d6 14. Rd1 Qh4
15. Nd5 Nxd5 16. exd5 Bg4 17. dxc6 Bxd1 18. cxb7 Bxc2 19. Qxc2 Rxb7 20. Bxa6
Rbb8 21. O-O d5 22. Bc5 Rfd8 23. b4 d4 24. Qf5 f6 25. Bc4+ Kh8 26. a4 Qh6 27.
Bd3 Rdc8 28. a5 Re8 29. a6 g5 30. a7 Rbc8 31. Be4 Qg7 32. a8=Q Rxa8 33. Bxa8
Rxa8 34. Rb1 Qf7 35. b5 Kg7 36. b6 Qc4 37. Be7 1-0

[Event "4NCL Online Division 2"]
[Site "online"]
[Date "2020.06.09"]
[Round "10.134"]
[White "Kerbel, Sasha"]
[Black "Lyons, Brendan"]
[Result "1/2-1/2"]
[WhiteElo "1780"]
[BlackElo "1941"]
[PlyCount "68"]
[EventDate "2020.06.09"]
[WhiteTeam "Wigston 1"]
[BlackTeam "St Benildus A"]

1. e4 d5 2. exd5 Nf6 3. d4 Bg4 4. f3 Bf5 5. c4 e6 6. dxe6 Nc6 7. exf7+ Kxf7 8.
Ne2 Nb4 9. Ng3 Nc2+ 10. Kf2 Nxd4 11. c5 Bxc5 12. Be3 Qd6 13. Bc4+ Be6 14. Bxe6+
Nxe6 15. Qxd6 Bxd6 16. Nc3 Bc5 17. Rad1 Rad8 18. Nge4 Bxe3+ 19. Kxe3 Nxe4 20.
Nxe4 Rhe8 21. b4 b6 22. h4 h6 23. g4 Nf8 24. Rxd8 Rxd8 25. Rc1 Rd7 26. f4 Ng6
27. h5 Ne7 28. a3 Nd5+ 29. Kf3 Ne7 30. Rc3 Nd5 31. Rc6 Ne7 32. Rc3 Nd5 33. Rc6
Ne7 34. Rc3 Nd5 1/2-1/2

[Event "4NCL Online Division 2"]
[Site "online"]
[Date "2020.06.09"]
[Round "10.141"]
[White "Hodgson, John H"]
[Black "Thorpe, Thomas"]
[Result "1/2-1/2"]
[WhiteElo "2117"]
[BlackElo "2027"]
[PlyCount "81"]
[EventDate "2020.06.09"]
[WhiteTeam "Streatham A"]
[BlackTeam "Exeter Honey Badgers"]

1. e4 c5 2. Nf3 Nc6 3. d4 cxd4 4. Nxd4 g6 5. c4 Bg7 6. Be3 Nf6 7. Nc3 d6 8. Be2
O-O 9. f3 Nxd4 10. Bxd4 Bd7 11. Qd2 Bc6 12. O-O-O a6 13. Kb1 b5 14. Nd5 bxc4
15. Bxc4 Nxd5 16. Bxg7 Kxg7 17. exd5 Bb5 18. Rc1 Rc8 19. Bxb5 axb5 20. Rxc8
Qxc8 21. Qd4+ f6 22. Qe4 Qf5 23. Qxf5 gxf5 24. Rc1 Kf7 25. f4 Rg8 26. g3 h5 27.
Rc3 h4 28. Kc2 h3 29. Kb3 Ra8 30. Kb4 Rxa2 31. Rc2 Ra1 32. Kxb5 Rd1 33. Kc4 Ke8
34. b4 Kd7 35. Ra2 Rh1 36. Kb5 Rd1 37. Ra7+ Ke8 38. Ra8+ Kd7 39. Ra7+ Ke8 40.
Ra8+ Kd7 41. Ra7+ 1/2-1/2

[Event "4NCL Online Division 2"]
[Site "online"]
[Date "2020.06.09"]
[Round "10.142"]
[White "O'Neill, Paul"]
[Black "Keane, Graham D J"]
[Result "1/2-1/2"]
[WhiteElo "2052"]
[BlackElo "2161"]
[PlyCount "146"]
[EventDate "2020.06.09"]
[WhiteTeam "Exeter Honey Badgers"]
[BlackTeam "Streatham A"]

1. d4 d6 2. Nf3 Nf6 3. c4 Nbd7 4. Nc3 e5 5. e4 Be7 6. h3 c6 7. Be2 O-O 8. O-O
Re8 9. Qc2 Qc7 10. Be3 a6 11. a4 b6 12. Rfc1 Bb7 13. d5 c5 14. a5 bxa5 15. Bd2
Rab8 16. Nd1 Bc8 17. Bxa5 Qb7 18. Bc3 Nf8 19. Kh2 Ng6 20. g3 Rf8 21. Ne3 Qd7
22. Bf1 Bd8 23. Qa4 Qxa4 24. Rxa4 Nxe4 25. Kg2 f5 26. Nd1 Nxc3 27. Rxc3 e4 28.
Nd2 a5 29. Rb3 Rxb3 30. Nxb3 Bd7 31. Ra3 a4 32. Nd2 Ba5 33. Nb1 Bb4 34. Ra2 Ne5
35. Be2 f4 36. gxf4 Rxf4 37. Nbc3 Nd3 38. Kg3 g5 39. Ra1 Nxb2 40. Nb5 Nxd1 41.
Bxd1 Bxb5 42. cxb5 a3 43. b6 Rf8 44. Kg4 h6 45. Bc2 Rb8 46. Bxe4 Rxb6 47. Kf5
Ra6 48. Bd3 Bc3 49. Bxa6 Bxa1 50. Bc4 Kg7 51. f4 gxf4 52. Kxf4 Kf6 53. Bb3 Bb2
54. Bc4 Bc1+ 55. Ke4 Bd2 56. Kd3 Bc1 57. Kc2 Ke5 58. Kxc1 Kd4 59. Ba2 c4 60.
Kc2 Kxd5 61. Kc3 Ke5 62. Kxc4 Kf4 63. Kb4 Kg3 64. Kxa3 Kxh3 65. Kb4 Kg4 66. Kc3
h5 67. Kd4 h4 68. Kd5 h3 69. Kxd6 h2 70. Bd5 Kg3 71. Ke5 Kf2 72. Kf4 Kg1 73.
Kg3 h1=B 1/2-1/2

[Event "4NCL Online Division 2"]
[Site "online"]
[Date "2020.06.09"]
[Round "10.143"]
[White "Horton, Justin"]
[Black "Haynes, Josiah"]
[Result "0-1"]
[WhiteElo "2058"]
[BlackElo "2072"]
[PlyCount "76"]
[EventDate "2020.06.09"]
[WhiteTeam "Streatham A"]
[BlackTeam "Exeter Honey Badgers"]

1. d4 Nf6 2. Nf3 e6 3. c4 d5 4. g3 dxc4 5. Bg2 c5 6. O-O Nc6 7. dxc5 Qxd1 8.
Rxd1 Bxc5 9. Nbd2 O-O 10. Nxc4 h6 11. Be3 Bxe3 12. Nxe3 e5 13. Nc4 Re8 14. Nd6
Rd8 15. Nxc8 Raxc8 16. Bh3 Rb8 17. Nd2 Rd5 18. Bg2 Rdd8 19. Rac1 Nd4 20. Kf1 b6
21. e3 Ne6 22. Nc4 e4 23. Nd6 Nc5 24. Nb5 a6 25. Nd4 Rbc8 26. Bh3 Ra8 27. b3 a5
28. Rc4 g6 29. Bg2 Rac8 30. Rdc1 Ra8 31. a3 a4 32. b4 Nb3 33. Nxb3 axb3 34. Rb1
Rxa3 35. Bxe4 Rd2 36. Bb7 b2 37. Ke1 Rd7 38. Bf3 Ra1 0-1

[Event "4NCL Online Division 2"]
[Site "online"]
[Date "2020.06.09"]
[Round "10.144"]
[White "Lowe, Chris"]
[Black "Bennett, John M"]
[Result "1/2-1/2"]
[WhiteElo "2027"]
[BlackElo "1995"]
[PlyCount "79"]
[EventDate "2020.06.09"]
[WhiteTeam "Exeter Honey Badgers"]
[BlackTeam "Streatham A"]

1. e4 c5 2. c3 Nf6 3. e5 Nd5 4. d4 cxd4 5. Nf3 Nc6 6. Bc4 Nb6 7. Bb3 d5 8. exd6
Qxd6 9. O-O Be6 10. Na3 dxc3 11. Bxe6 Qxe6 12. Nb5 Rc8 13. bxc3 g6 14. Re1 Qd5
15. Nd6+ Kd7 16. Nxc8 Kxc8 17. Be3 Bg7 18. Qc2 Nc4 19. Rad1 Qa5 20. Nd4 Nxe3
21. Rxe3 Bxd4 22. cxd4 Qd5 23. Rxe7 Kb8 24. Re3 Rd8 25. Rde1 Nxd4 26. Qa4 b5
27. Qa6 Ne6 28. Ra3 Qc5 29. Rb1 Nd4 30. Qa5 Rd5 31. h3 Ne2+ 32. Kh1 Qxf2 33.
Rxb5+ Rxb5 34. Qxb5+ Kc7 35. Qe5+ Kc8 36. Qe8+ Kc7 37. Qe7+ Kc8 38. Qe8+ Kc7
39. Qe7+ Kc8 40. Qe8+ 1/2-1/2

[Event "4NCL Online Division 2"]
[Site "online"]
[Date "2020.06.09"]
[Round "10.151"]
[White "Salmons, Calum"]
[Black "Keetman, Maaike"]
[Result "0-1"]
[WhiteElo "2065"]
[BlackElo "2169"]
[PlyCount "50"]
[EventDate "2020.06.09"]
[WhiteTeam "Sussex Starlings"]
[BlackTeam "Chessable White Rose 2"]

1. e4 e6 2. Nf3 d5 3. e5 c5 4. b4 d4 5. bxc5 Bxc5 6. Ba3 Qa5 7. Bxc5 Qxc5 8. c3
Nc6 9. cxd4 Nxd4 10. Qa4+ Bd7 11. Qxd4 Qc1+ 12. Ke2 Bb5+ 13. d3 Rd8 14. Nbd2
Qa3 15. Qf4 Qb2 16. Rd1 Bxd3+ 17. Ke1 Bc2 18. Be2 Bxd1 19. Bxd1 Ne7 20. Qa4+
Nc6 21. Ke2 O-O 22. Qb3 Rxd2+ 23. Ke1 Qxb3 24. Bxb3 Rb2 25. Rf1 Rd8 0-1

[Event "4NCL Online Division 2"]
[Site "online"]
[Date "2020.06.09"]
[Round "10.152"]
[White "Gayson, Peter M"]
[Black "Gray, Edward"]
[Result "1/2-1/2"]
[WhiteElo "2150"]
[BlackElo "2012"]
[PlyCount "111"]
[EventDate "2020.06.09"]
[WhiteTeam "Chessable White Rose 2"]
[BlackTeam "Sussex Starlings"]

1. e4 d6 2. d4 Nf6 3. Nc3 Nbd7 4. Be3 e5 5. Bc4 c6 6. Nf3 b5 7. Bb3 Be7 8. a3
Qc7 9. O-O h6 10. Qd2 g5 11. Rfe1 Nf8 12. Rad1 Ng6 13. h3 g4 14. hxg4 Bxg4 15.
dxe5 dxe5 16. Qe2 Nh4 17. Nxb5 cxb5 18. Qxb5+ Bd7 19. Bxf7+ Kf8 20. Qb3 Nxf3+
21. gxf3 Rb8 22. Qa2 Qxc2 23. Rxd7 Nxd7 24. Qe6 Nf6 25. Rc1 Qxc1+ 26. Bxc1 Rb6
27. Qc4 Kg7 28. Be3 Rxb2 29. Bxa7 Rf8 30. Be6 Rb7 31. Bc5 Rd8 32. Bxe7 Rxe7 33.
Bf5 Rd1+ 34. Kh2 Rb1 35. Qc5 Rbb7 36. a4 Rbc7 37. Qa3 Re8 38. a5 Rc2 39. a6
Rxf2+ 40. Kg3 Rd2 41. a7 Nh5+ 42. Kh4 Nf4 43. Bh3 Rh2 44. a8=Q Rxh3+ 45. Kg4
h5+ 46. Kf5 Rxa8 47. Qxa8 Rxf3 48. Kxe5 Ng6+ 49. Kd6 Rf6+ 50. Kd5 h4 51. e5 Rf5
52. Qa7+ Kh6 53. Qe3+ Kg7 54. Qa7+ Kh6 55. Qe3+ Kg7 56. Qa7+ 1/2-1/2

[Event "4NCL Online Division 2"]
[Site "online"]
[Date "2020.06.09"]
[Round "10.153"]
[White "Sutton, Daniel"]
[Black "Arnott, Jonathan W"]
[Result "1/2-1/2"]
[WhiteElo "2005"]
[BlackElo "2128"]
[PlyCount "145"]
[EventDate "2020.06.09"]
[WhiteTeam "Sussex Starlings"]
[BlackTeam "Chessable White Rose 2"]

1. e4 e6 2. d4 d5 3. Nc3 Nf6 4. Bg5 Be7 5. e5 Ng8 6. Bxe7 Nxe7 7. f4 c5 8. Nf3
cxd4 9. Nxd4 Nbc6 10. Qd2 a6 11. Be2 Qb6 12. O-O-O Bd7 13. Rhf1 Qxd4 14. Qxd4
Nxd4 15. Rxd4 b5 16. g4 Nc6 17. Rd2 g5 18. fxg5 h6 19. gxh6 Rxh6 20. Bf3 Nxe5
21. Re2 Nxf3 22. Rxf3 O-O-O 23. Rxf7 Rg8 24. Rf4 Rh4 25. Rg2 Kc7 26. Kd2 Kd6
27. Ke2 Bc6 28. b4 Ke5 29. Rgf2 d4 30. Nd1 Bd5 31. a3 Rxh2 32. Rxh2 Kxf4 33.
Kd3 e5 34. Rf2+ Kxg4 35. c3 Bf3 36. cxd4 exd4 37. Rf1 Kf4 38. Nb2 Rg2 39. Nd1
Ra2 40. Rf2 Rxa3+ 41. Kxd4 Rb3 42. Kc5 Ke4 43. Rd2 Bxd1 44. Rxd1 Rc3+ 45. Kb6
Rc4 46. Ka5 Ke3 47. Rd8 Ke4 48. Rd1 Ke5 49. Rd7 Rc6 50. Rd1 Ke4 51. Rd7 Ke5 52.
Rd1 Ke4 53. Rd7 Ke3 54. Ra7 Kd4 55. Rxa6 Kd5 56. Kxb5 Rc1 57. Ra8 Kd6 58. Ra7
Rb1 59. Rh7 Rb2 60. Rg7 Rb1 61. Rg6+ Kc7 62. Rg4 Kb7 63. Rg7+ Kb8 64. Ka5 Ra1+
65. Kb6 Kc8 66. b5 Rb1 67. Rg8+ Kd7 68. Ka6 Kc7 69. Rg7+ Kb8 70. Kb6 Kc8 71.
Rg8+ Kd7 72. Ka6 Kc7 73. Rg7+ 1/2-1/2

[Event "4NCL Online Division 2"]
[Site "online"]
[Date "2020.06.09"]
[Round "10.154"]
[White "Busuioc, Alexandra"]
[Black "Bennet-Stevens, Lucy"]
[Result "1-0"]
[WhiteElo "1924"]
[BlackElo "1975"]
[PlyCount "55"]
[EventDate "2020.06.09"]
[WhiteTeam "Chessable White Rose 2"]
[BlackTeam "Sussex Starlings"]

1. e4 c5 2. Nf3 e6 3. d4 cxd4 4. Nxd4 a6 5. Nc3 Qc7 6. Bd3 Nf6 7. O-O Bc5 8.
Nb3 Be7 9. Be3 d6 10. f4 O-O 11. Qf3 Nc6 12. Rad1 b5 13. a3 Bb7 14. g4 Rad8 15.
g5 Nd7 16. f5 Nce5 17. Qg3 exf5 18. exf5 Nxd3 19. cxd3 Rfe8 20. d4 Nb6 21. d5
Nc4 22. Bc1 Bf8 23. g6 Re5 24. gxh7+ Kxh7 25. Bf4 Qb6+ 26. Kh1 Re3 27. Bxe3
Qxe3 28. Qh4+ 1-0

[Event "4NCL Online Division 2"]
[Site "online"]
[Date "2020.06.09"]
[Round "10.161"]
[White "Toma, Katarzyna"]
[Black "Gardner, James"]
[Result "1-0"]
[WhiteElo "2289"]
[BlackElo "2132"]
[PlyCount "87"]
[EventDate "2020.06.09"]
[WhiteTeam "Wood Green Youth"]
[BlackTeam "MK Phoenix 1"]

1. e4 e5 2. Nf3 Nf6 3. Nxe5 d6 4. Nf3 Nxe4 5. Nc3 Nxc3 6. dxc3 Be7 7. Be3 Nc6
8. Qd2 Be6 9. Ng5 Bf5 10. O-O-O Qd7 11. h3 h6 12. Nf3 Bf6 13. Kb1 O-O-O 14. Bb5
a6 15. Ba4 b5 16. Bb3 Be6 17. Nd4 Bxb3 18. axb3 Bxd4 19. cxd4 d5 20. Bf4 g5 21.
Be5 Nxe5 22. dxe5 c5 23. Rhe1 Rhg8 24. Qe3 Qc6 25. Qf3 Qe6 26. c4 bxc4 27. bxc4
d4 28. Qa8+ Kd7 29. Qa7+ Ke8 30. Qxc5 d3 31. Rd2 g4 32. h4 Rc8 33. Qd5 Rxc4 34.
Qxd3 Qc8 35. e6 fxe6 36. Qh7 Rf8 37. Qxh6 Ke7 38. h5 Rc5 39. Qg7+ Rf7 40. Qxg4
Rcf5 41. f3 a5 42. h6 Kf6 43. Rd6 Re7 44. h7 1-0

[Event "4NCL Online Division 2"]
[Site "online"]
[Date "2020.06.09"]
[Round "10.162"]
[White "Brown, Alan M"]
[Black "De Verdier, Michael"]
[Result "1/2-1/2"]
[WhiteElo "2008"]
[BlackElo "2302"]
[PlyCount "50"]
[EventDate "2020.06.09"]
[WhiteTeam "MK Phoenix 1"]
[BlackTeam "Wood Green Youth"]

1. d4 Nf6 2. c4 e6 3. Nc3 Bb4 4. Qc2 d5 5. a3 Bxc3+ 6. Qxc3 dxc4 7. Qxc4 b6 8.
Nf3 Ba6 9. Qc2 Nbd7 10. g3 Rc8 11. Bg2 c5 12. Qa4 Bb7 13. O-O O-O 14. Bf4 cxd4
15. Qxd4 Nc5 16. Qxd8 Rfxd8 17. Rfd1 Nb3 18. Rxd8+ Rxd8 19. Re1 Rc8 20. Rd1 Bd5
21. Be5 Nd7 22. Bc3 Ndc5 23. Nd4 Bxg2 24. Nxb3 Bd5 25. Nxc5 bxc5 1/2-1/2

[Event "4NCL Online Division 2"]
[Site "online"]
[Date "2020.06.09"]
[Round "10.163"]
[White "Ashworth, Michael"]
[Black "Cox, Toby"]
[Result "1-0"]
[WhiteElo "2185"]
[BlackElo "2020"]
[PlyCount "126"]
[EventDate "2020.06.09"]
[WhiteTeam "Wood Green Youth"]
[BlackTeam "MK Phoenix 1"]

1. d4 e6 2. c4 f5 3. g3 Nf6 4. Bg2 Be7 5. Nf3 d6 6. O-O O-O 7. Nc3 Ne4 8. Qc2
Nxc3 9. Qxc3 Bf6 10. Rd1 Nc6 11. Qc2 a5 12. e4 fxe4 13. Qxe4 e5 14. Be3 Qe8 15.
Rac1 Qh5 16. dxe5 Nxe5 17. Nxe5 Bxe5 18. Qd5+ Qf7 19. Qxf7+ Kxf7 20. b3 a4 21.
b4 Be6 22. f4 Bb2 23. Rc2 Ba3 24. b5 Rab8 25. Bd5 Rfe8 26. Ba7 Ra8 27. Bf2 Bxd5
28. Rxd5 b6 29. Rd3 Bc5 30. Bxc5 bxc5 31. Kf2 a3 32. Re3 Rxe3 33. Kxe3 Ra4 34.
Rc3 Ke6 35. g4 g6 36. Kd3 h5 37. h3 hxg4 38. hxg4 Kd7 39. Kc2 Rb4 40. Kd3 Ra4
41. Ke4 c6 42. bxc6+ Kxc6 43. Ke3 d5 44. cxd5+ Kxd5 45. Rd3+ Ke6 46. Kf3 Ra6
47. Ke3 c4 48. Rc3 Kd5 49. Rc1 Rb6 50. Rc3 Ra6 51. f5 g5 52. Rc2 Rh6 53. Rd2+
Ke5 54. Rf2 Rh3+ 55. Kd2 Rh6 56. Kc3 Rc6 57. Rf1 Rc7 58. f6 Rf7 59. Kxc4 Rxf6
60. Rxf6 Kxf6 61. Kd5 Kg6 62. Ke6 Kh7 63. Kf6 Kh6 1-0

[Event "4NCL Online Division 2"]
[Site "online"]
[Date "2020.06.09"]
[Round "10.164"]
[White "Hunt, Peter"]
[Black "Stepanyan, Henrik"]
[Result "0-1"]
[WhiteElo "2020"]
[BlackElo "2237"]
[PlyCount "44"]
[EventDate "2020.06.09"]
[WhiteTeam "MK Phoenix 1"]
[BlackTeam "Wood Green Youth"]

1. e4 e5 2. Nf3 d5 3. d4 dxe4 4. Nxe5 Bd6 5. Nc4 Nc6 6. c3 Bf5 7. Nxd6+ Qxd6 8.
Qb3 Nf6 9. Qxb7 O-O 10. Bb5 Bd7 11. Na3 a6 12. Bxc6 Bxc6 13. Qb3 Rab8 14. Qc2
Qd5 15. Be3 Ng4 16. O-O f5 17. c4 Qd6 18. g3 f4 19. Bxf4 Rxf4 20. gxf4 Qxf4 21.
Rfe1 Qxh2+ 22. Kf1 Rf8 0-1

[Event "4NCL Online Division 2"]
[Site "online"]
[Date "2020.04.14"]
[Round "2.11"]
[White "Player, Edmund C"]
[Black "Foord, Dominic"]
[Result "0-1"]
[WhiteElo "2172"]
[BlackElo "2267"]
[PlyCount "88"]
[EventDate "2020.04.14"]
[WhiteTeam "Anglian Avengers 2"]
[BlackTeam "Liverpool"]

1. e4 e5 2. Nf3 Nc6 3. Bb5 a6 4. Ba4 Nf6 5. O-O Be7 6. Re1 b5 7. Bb3 d6 8. c3
O-O 9. h3 Nb8 10. d4 Nbd7 11. Nbd2 Bb7 12. Bc2 Re8 13. Nf1 Bf8 14. Ng3 g6 15.
a4 c5 16. d5 c4 17. a5 Nc5 18. Bg5 Be7 19. Qd2 Bc8 20. Ra2 Bd7 21. Be3 Qc7 22.
Nh2 Bc8 23. f4 exf4 24. Bxf4 Nfd7 25. Ng4 Ne5 26. Bxe5 dxe5 27. d6 Qa7 28. Nh6+
Kg7 29. Kh1 Bh4 30. Rf1 f6 31. Rf3 Bg5 32. d7 Bxd7 33. Qd6 Kxh6 34. h4 Bxh4 35.
Nf5+ Bxf5 36. exf5 Kg7 37. Rh3 Bg5 38. Ra1 Qe7 39. Qc6 Rac8 40. Qf3 e4 41. Qg4
Nd3 42. Rf1 e3 43. Qe2 Rcd8 44. b3 Nf2+ 0-1

[Event "4NCL Online Division 2"]
[Site "online"]
[Date "2020.04.14"]
[Round "2.12"]
[White "Tian Yi, Wang"]
[Black "White, Russell P"]
[Result "1-0"]
[WhiteElo "2192"]
[BlackElo "2117"]
[PlyCount "89"]
[EventDate "2020.04.14"]
[WhiteTeam "Liverpool"]
[BlackTeam "Anglian Avengers 2"]

1. e4 e5 2. Nf3 Nc6 3. Bb5 a6 4. Bxc6 dxc6 5. O-O Bg4 6. h3 Bxf3 7. Qxf3 Qf6 8.
Qxf6 Nxf6 9. d3 Bc5 10. Kh2 O-O 11. f4 Nd7 12. c3 f5 13. g3 fxe4 14. dxe4 Rae8
15. f5 Nf6 16. Nd2 Rd8 17. Re1 Rd3 18. Kg2 Re3 19. Rxe3 Bxe3 20. Kf3 Bxd2 21.
Bxd2 Rd8 22. Be3 Rd3 23. g4 h6 24. Rg1 c5 25. c4 b5 26. Rc1 b4 27. Ke2 Rd7 28.
Bxc5 Nxe4 29. Bxb4 Rd4 30. b3 h5 31. Rg1 Ng5 32. Bc3 Re4+ 33. Kd3 h4 34. Re1
Rf4 35. Bxe5 Rf2 36. Re3 c6 37. a4 Nf3 38. Bc7 Ng1 39. Kd4 Kf7 40. Kc5 Rf3 41.
Rxf3 Nxf3 42. Kxc6 Ke8 43. Bb6 Ne5+ 44. Kb7 a5 45. Bxa5 1-0

[Event "4NCL Online Division 2"]
[Site "online"]
[Date "2020.04.14"]
[Round "2.13"]
[White "Bui, Kyan"]
[Black "Ali, Rashid Mohammed Amin"]
[Result "0-1"]
[WhiteElo "2057"]
[BlackElo "2117"]
[PlyCount "70"]
[EventDate "2020.04.14"]
[WhiteTeam "Anglian Avengers 2"]
[BlackTeam "Liverpool"]

1. d4 d5 2. c4 e6 3. Nc3 Nf6 4. cxd5 exd5 5. Bg5 Be7 6. e3 O-O 7. Bd3 h6 8. Bh4
c6 9. Nge2 Bg4 10. Qc2 Nbd7 11. h3 Bxe2 12. Qxe2 Ne4 13. Bxe4 Bxh4 14. Bc2 g6
15. O-O Re8 16. Rac1 Bf6 17. Qf3 a5 18. a4 Qb6 19. Qg4 Rad8 20. b3 Kg7 21. Rfd1
Be7 22. Ne2 Nf6 23. Qf3 Ba3 24. Ra1 Bd6 25. Ng3 Qc7 26. Nf1 Nh7 27. Rac1 Qe7
28. Bb1 Ng5 29. Qe2 Qf6 30. Nd2 Ba3 31. Rc3 Qxd4 32. exd4 Rxe2 33. h4 Ne6 34.
Nf3 Rb2 35. Ne5 Nxd4 0-1

[Event "4NCL Online Division 2"]
[Site "online"]
[Date "2020.04.14"]
[Round "2.14"]
[White "Lancaric, Tomas"]
[Black "Wallis, Ian J"]
[Result "1/2-1/2"]
[WhiteElo "1975"]
[BlackElo "2045"]
[PlyCount "68"]
[EventDate "2020.04.14"]
[WhiteTeam "Liverpool"]
[BlackTeam "Anglian Avengers 2"]

1. d4 Nf6 2. Bf4 g6 3. e3 Bg7 4. Bd3 O-O 5. Nf3 d6 6. Bg3 c5 7. O-O cxd4 8.
exd4 Nc6 9. c3 Nh5 10. Re1 Nxg3 11. hxg3 e5 12. dxe5 dxe5 13. Na3 Qc7 14. Qe2
Bg4 15. Bc4 Rad8 16. Rad1 Kh8 17. Rxd8 Rxd8 18. Nb5 Qe7 19. Qe3 a6 20. Nbd4
Nxd4 21. cxd4 Bxf3 22. Qxf3 Qb4 23. Qc3 Qxc3 24. bxc3 exd4 25. cxd4 f5 26. d5
Bf8 27. Bb3 b5 28. Re5 Kg7 29. Kf1 Rd7 30. f4 Ba3 31. Ke2 Re7 32. Rxe7+ Bxe7
33. a4 bxa4 34. Bxa4 Bc5 1/2-1/2

[Event "4NCL Online Division 2"]
[Site "online"]
[Date "2020.04.14"]
[Round "2.21"]
[White "Bak, Christopher"]
[Black "Brady, Stephen"]
[Result "0-1"]
[WhiteElo "2095"]
[BlackElo "2287"]
[PlyCount "116"]
[EventDate "2020.04.14"]
[WhiteTeam "Bradford DCA Knights A"]
[BlackTeam "St Benildus A"]

1. c4 c5 2. g3 g6 3. Bg2 Bg7 4. Nc3 Nc6 5. Nf3 e5 6. O-O Nge7 7. a3 O-O 8. Rb1
a5 9. Ne1 d6 10. Nc2 Be6 11. Ne3 f5 12. d3 h6 13. Ned5 Kh7 14. Bd2 Rb8 15. b4
axb4 16. axb4 b6 17. b5 Bxd5 18. Nxd5 Nxd5 19. Bxd5 Ne7 20. e4 Nxd5 21. exd5
Ra8 22. Bc3 Rf7 23. Ra1 Rfa7 24. Qc2 Rxa1 25. Rxa1 Rxa1+ 26. Bxa1 Qa8 27. Bc3
Qa3 28. Kg2 h5 29. h4 Kg8 30. Bd2 Bf6 31. Kf1 Qa1+ 32. Qc1 Qa2 33. Bg5 Bg7 34.
Be7 e4 35. dxe4 Bd4 36. Qf4 Qxc4+ 37. Kg2 Be5 38. Qh6 Qxe4+ 39. Kg1 Bg7 40. Qe3
Qxd5 41. Bd8 c4 42. Qe8+ Kh7 43. Bxb6 f4 44. Qc6 Qd1+ 45. Kg2 d5 46. gxf4 c3
47. Be3 d4 48. b6 dxe3 49. fxe3 Qe2+ 50. Kh1 Qxe3 51. Qc7 Qe1+ 52. Kg2 Qe2+ 53.
Kh1 c2 54. b7 Qd1+ 55. Kg2 Qg4+ 56. Kf1 Qf3+ 57. Ke1 Qe3+ 58. Kf1 c1=Q+ 0-1

[Event "4NCL Online Division 2"]
[Site "online"]
[Date "2020.04.14"]
[Round "2.22"]
[White "Ryan, Joseph"]
[Black "Ther, Mate"]
[Result "1-0"]
[WhiteElo "2271"]
[BlackElo "2080"]
[PlyCount "37"]
[EventDate "2020.04.14"]
[WhiteTeam "St Benildus A"]
[BlackTeam "Bradford DCA Knights A"]

1. e4 e5 2. Nf3 Nc6 3. Bb5 a6 4. Ba4 d6 5. O-O Bd7 6. d4 g6 7. dxe5 Nxe5 8.
Nxe5 Bxa4 9. Qd5 Qe7 10. Qxb7 Rd8 11. Nc6 Bxc6 12. Qxc6+ Rd7 13. Nc3 Nf6 14.
Bg5 Bg7 15. Nd5 Qd8 16. Rae1 h6 17. e5 dxe5 18. Nxf6+ Bxf6 19. Bxf6 1-0

[Event "4NCL Online Division 2"]
[Site "online"]
[Date "2020.04.14"]
[Round "2.23"]
[White "Johnson, Paul A"]
[Black "Venkatesan, Kavin"]
[Result "0-1"]
[WhiteElo "1812"]
[BlackElo "1971"]
[PlyCount "66"]
[EventDate "2020.04.14"]
[WhiteTeam "Bradford DCA Knights A"]
[BlackTeam "St Benildus A"]

1. d4 Nf6 2. c4 e6 3. Nf3 Bb4+ 4. Bd2 Qe7 5. Nc3 O-O 6. e3 Bxc3 7. Bxc3 Ne4 8.
Qc2 Nxc3 9. Qxc3 b6 10. Bd3 Bb7 11. O-O-O a5 12. a3 Rc8 13. e4 d6 14. h4 Nd7
15. Bc2 Rd8 16. Ng5 e5 17. d5 Rac8 18. Kb1 c6 19. Qg3 Ba6 20. b3 a4 21. Rhe1
axb3 22. Bxb3 h6 23. Nh3 Nc5 24. Ba2 Rb8 25. Ka1 b5 26. cxb5 Bxb5 27. Qe3 cxd5
28. exd5 Rdc8 29. h5 e4 30. Qd4 Bd3 31. Rd2 Qa7 32. Nf4 Nb3+ 33. Bxb3 Qxd4+ 0-1

[Event "4NCL Online Division 2"]
[Site "online"]
[Date "2020.04.14"]
[Round "2.24"]
[White "McHugh, Kevin"]
[Black "Holliday, John K"]
[Result "1-0"]
[WhiteElo "2013"]
[BlackElo "1798"]
[PlyCount "107"]
[EventDate "2020.04.14"]
[WhiteTeam "St Benildus A"]
[BlackTeam "Bradford DCA Knights A"]

1. e4 d5 2. exd5 Nf6 3. Bb5+ Bd7 4. Bc4 c6 5. dxc6 Nxc6 6. Nf3 e6 7. d3 Bd6 8.
Nc3 O-O 9. Bg5 Be7 10. O-O h6 11. Bh4 Ng4 12. Bxe7 Qxe7 13. Qe2 Qd6 14. Ne4 Qe7
15. h3 Nge5 16. Nxe5 Nxe5 17. Bb3 Ng6 18. Qe3 b6 19. Qg3 Rad8 20. Rfe1 Bc8 21.
Rad1 Kh8 22. d4 Bb7 23. c3 f5 24. Qxg6 Bxe4 25. Qxe6 Qg5 26. Rxe4 fxe4 27. Qxe4
Rf4 28. Qe3 Rdf8 29. Rd2 Qf6 30. Bc2 g5 31. Qe5 Kg7 32. Qxf6+ R8xf6 33. d5 Rd6
34. g3 Rf7 35. c4 Kf6 36. Re2 Rc7 37. b3 b5 38. Bd3 bxc4 39. bxc4 Re7 40. Rxe7
Kxe7 41. Bc2 Ra6 42. Bb3 Kd6 43. f4 gxf4 44. gxf4 Kc5 45. Kf2 Kd4 46. Kf3 Rf6
47. Kg3 Ke3 48. c5 Rg6+ 49. Kh4 Kxf4 50. d6 Rf6 51. d7 Rf8 52. c6 Ke5 53. c7
Rf4+ 54. Kg3 1-0

[Event "4NCL Online Division 2"]
[Site "online"]
[Date "2020.04.14"]
[Round "2.31"]
[White "Sedykh, Mikhail"]
[Black "Wilson, David Jn"]
[Result "1-0"]
[WhiteElo "2215"]
[BlackElo "2050"]
[PlyCount "73"]
[EventDate "2020.04.14"]
[WhiteTeam "Catford Cosmonauts 1"]
[BlackTeam "Mushrooms 1"]

1. d4 Nf6 2. c4 g6 3. Nc3 Bg7 4. e4 d6 5. Nf3 O-O 6. Be2 e5 7. O-O Na6 8. Be3
h6 9. dxe5 dxe5 10. Qc1 Ng4 11. Bd2 f5 12. h3 Nf6 13. Bxh6 Nxe4 14. Bxg7 Kxg7
15. Nxe4 fxe4 16. Nxe5 Qd4 17. Ng4 Bxg4 18. Bxg4 Nc5 19. Qe3 Rad8 20. Rad1 Nd3
21. b3 c5 22. Rd2 Qe5 23. f3 Rd4 24. fxe4 Rfd8 25. Re2 b6 26. Qf3 Qe7 27. e5
Rf4 28. Qe3 Rdd4 29. e6 Rxf1+ 30. Kxf1 Nf4 31. Qe5+ Kh7 32. Rf2 Nxe6 33. Qxe6
Qd8 34. Rf7+ Kh6 35. Qe3+ g5 36. Qe6+ Qf6+ 37. Qxf6# 1-0

[Event "4NCL Online Division 2"]
[Site "online"]
[Date "2020.04.14"]
[Round "2.32"]
[White "Linton, William A"]
[Black "Orlovska, Madara"]
[Result "0-1"]
[WhiteElo "2027"]
[BlackElo "2110"]
[PlyCount "70"]
[EventDate "2020.04.14"]
[WhiteTeam "Mushrooms 1"]
[BlackTeam "Catford Cosmonauts 1"]

1. e4 c5 2. Nf3 g6 3. Bc4 Bg7 4. O-O Nc6 5. c3 e5 6. a4 Nf6 7. d3 O-O 8. Be3 b6
9. h3 d5 10. Bb5 Ne7 11. Nxe5 Qc7 12. d4 Nxe4 13. f4 f6 14. Nf3 c4 15. a5 a6
16. Ba4 bxa5 17. Nbd2 Ng3 18. Re1 Rb8 19. Bf2 Nef5 20. b3 Bh6 21. bxc4 dxc4 22.
Ne4 Bxf4 23. Nc5 Bd6 24. Ne6 Bxe6 25. Rxe6 Ng7 26. Re1 N7h5 27. Qd2 Bf4 28. Qa2
Kg7 29. Nd2 Rfc8 30. Rab1 Rxb1 31. Qxb1 Bxd2 32. Re6 Bxc3 33. Qc2 Bb4 34. Rxa6
Qb7 35. Rd6 Bxd6 0-1